Příběhy

Main Author: Martinová, Věra, 1960-
Language: Czech
Published: Praha : Monitor-EMI, p1998
Physical Description: 1 CD ; 12 cm + 1 brožura [16 s.].
Audio
Saved in:
LEADER 01431njm a2200421 a 4500
001 000383161
003 CZ BrMZK
005 19980105143423.0
008 980105s1998 xr f cze d
028 0 3 |a 7243 4 94256 2 0  |b Monitor EMI 
040 |a BOA001  |b cze 
080 |a 784.4"199"(086.7)  |2 MRF 
100 1 |a Martinová, Věra,  |d 1960-  |7 jn20000401740  |4 prf 
245 1 0 |a Příběhy  |h [zvukový záznam] /  |c Věra Martinová. 
246 3 3 |a Smutná holka 
246 3 3 |a Stíny 
246 3 3 |a Svět ztracených 
246 3 3 |a Ty knihy vázané ovčí kůží 
246 3 3 |a Bez tebe 
246 3 3 |a Citadela citů 
246 3 3 |a Co mám 
246 3 3 |a Dál mi dýchej do dlaní 
246 3 3 |a Dám si jedno blues 
246 3 3 |a Jestli je láska jenom jednou 
246 3 3 |a O jaru 
246 3 3 |a Podivný příběh 
246 3 3 |a Poslední jízda 
260 |a Praha :  |b Monitor-EMI,  |c p1998 
300 |a 1 CD ;  |c 12 cm +  |e 1 brožura [16 s.]. 
500 |a Nahr. 1998 
500 |a Durata neuv 
500 |a Texty písní v brož. - Seznam členů doprovod. skupiny v brož. 
505 2 |a Ty knihy vázané ovčí kůží, Co mám, Citadela citů ... [et al.] 
653 0 |a populární hudba  |a populární písně 
910 |a BOA001  |b CD-0006.674 
964 |a Hudba populární  |z stol.20.,léta 90.  |x CD 
990 |a AV 
996 6 |b 261H007078  |c CD-0006.674  |l MZK  |r Sklad / do 24 hodin  |n 0  |p p.v.  |w 000383161  |u 000010  |a 1  |e BOA001  |j MZK50  |s P